000 01015cam a2200229 4500
001 BUCI00481491
008 090521s20082008mx 000 0 spa u
020 _a9789689322375
035 _a BUCI00481491
050 0 4 _aNA756.M6 T88 2008
111 2 _aForo de Historia y Crítica de la Arquitectura Mexicana :
_dMorelia 5 y 6 de noviembre de 2007
_cMorelia, Michoacán, México.
245 1 0 _aLa situación actual de la historiografía de la arquitectura mexicana /
_cCatherine R. Ettinger Mc Enulty (Editora)
250 _a1a. ed.
260 _aMorelia, Mich., México :
_bUniversidad Michocana de San Nicolás de Hidalgo,
_c2007
300 _a285 p. :
_bil. ;
_c23 cm.
504 _aIncluye : Bibliografía e índice
650 7 _aArquitectura
_xHistoria y crítica
_zMichoacán
651 _aMorelia, Michoacán, México
_xArquitectura
700 1 _aEttinger Mc Enulty, Catherine R. ed.
710 2 _aUniversidad Nacional Autónoma de México.
710 2 _aUniversidad Michocana de San Nicolás de Hidalgo
942 _2lcc
_cLIB
999 _c136614
_d136614